[Event "San Francisco TNM Winter op"]
[Site "San Francisco"]
[Date "2014.02.25"]
[Round "8"]
[White "Lardent, Ranen A"]
[Black "Tsodikova, Natalia"]
[Result "0-1"]
[WhiteElo "1793"]
[BlackElo "2226"]
[PlyCount "62"]
[EventDate "2014.01.07"]
[EventType "swiss"]
[EventRounds "8"]
[EventCountry "USA"]
[SourceTitle "EXT 2016"]
[Source "ChessBase"]
[SourceDate "2015.10.08"]
[SourceVersion "1"]
[SourceVersionDate "2015.10.08"]
[SourceQuality "1"]

1. c4 Nf6 2. Nc3 g6 3. e4 d6 4. g3 Bg7 5. Bg2 c5 6. Nge2 Nc6 7. d3 0-0 8. 0-0 a6 9. Bd2 Rb8 10. a4 Bd7 11. f4 Qc8 12. Nd5 Nxd5 13. cxd5 Nd4 14. Nc3 Bg4 15. Qe1 Nc2 16. Qc1 Nxa1 17. Qxa1 b5 18. a5 b4 19. Na4 Be2 20. Nb6 Qc7 21. Rc1 Rxb6 22. axb6 Qxb6 23. Bf1 c4+ 24. Kg2 Bxd3 25. Bxd3 cxd3 26. Rc6 Qd4 27. Qe1 Qxb2 28. Kf3 a5 29. Ra6 Bc3 30. Bxc3 bxc3 31. Rc6 Qd2 0-1

[Event "San Francisco TNM Winter op"]
[Site "San Francisco"]
[Date "2014.02.04"]
[Round "5"]
[White "Steger, Eric Alan"]
[Black "Lardent, Ranen A"]
[Result "1/2-1/2"]
[WhiteElo "1937"]
[BlackElo "1793"]
[PlyCount "82"]
[EventDate "2014.01.07"]
[EventType "swiss"]
[EventRounds "8"]
[EventCountry "USA"]
[SourceTitle "EXT 2016"]
[Source "ChessBase"]
[SourceDate "2015.10.08"]
[SourceVersion "1"]
[SourceVersionDate "2015.10.08"]
[SourceQuality "1"]

1. e4 e6 2. Nf3 d5 3. Nc3 d4 4. Ne2 c5 5. c3 Nf6 6. e5 Nd5 7. cxd4 Nb4 8. d3 Qa5 9. Nc3 cxd4 10. Nxd4 Qxe5+ 11. Be3 N8c6 12. Nf3 Qa5 13. Be2 Be7 14. 0-0 0-0 15. d4 Rd8 16. a3 Nd5 17. Nxd5 Qxd5 18. Qc2 Bf6 19. Rfd1 Bd7 20. Rac1 Rac8 21. Qb1 Ne7 22. Rxc8 Rxc8 23. Ne5 Ba4 24. Bf3 Qb3 25. Ng4 Nd5 26. Nxf6+ Nxf6 27. Rc1 Rxc1+ 28. Qxc1 Bc6 29. Bxc6 bxc6 30. h3 Qd5 31. Qc3 Qb5 32. Qc2 Nd5 33. b3 h6 34. b4 Nb6 35. Bc1 Qc4 36. Qxc4 Nxc4 37. Kf1 Kf8 38. Ke2 Ke7 39. Kd3 Nb6 40. Bf4 Kd7 41. Bb8 a6 1/2-1/2